Statistics for Countries that Have Controlled Crimea

Click here to take the quiz!

General Stats

  • This quiz has been taken 46 times
  • The average score is 11 of 20

Answer Stats

Answer% Correct
Russia
100%
Ukraine
100%
Soviet Union
98%
Nazi Germany
88%
Ottoman Empire
86%
Roman Empire
86%
Russian Empire
79%
Byzantine Empire
67%
Russian Republic
58%
Crimean Khanate
49%
German Empire
49%
Golden Horde
47%
Khazar Khanate
35%
Hunnic Empire
26%
Republic of Genoa
26%
Bulgarian Empire
19%
Cuman-Kipchacks
14%
Pontus
14%
Bosporus
12%
Empire of Trebizond
7%

Score Distribution

Percentile by Number Answered

Percent of People with Each Score

Your Score History

You have not taken this quiz